Compuer Graphics (Record no. 130515)

MARC details
000 -LEADER
fixed length control field 00460nam a2200181Ia 4500
008 - FIXED-LENGTH DATA ELEMENTS--GENERAL INFORMATION
fixed length control field 230312s9999 xx 000 0 und d
041 ## - LANGUAGE CODE
Language code of text/sound track or separate title eng
082 ## - DEWEY DECIMAL CLASSIFICATION NUMBER
Classification number 006.66
Item number 006.66 SIN
100 ## - MAIN ENTRY--PERSONAL NAME
Personal name Sinha A.N.
9 (RLIN) 169895
245 ## - TITLE STATEMENT
Title Compuer Graphics
260 ## - PUBLICATION, DISTRIBUTION, ETC. (IMPRINT)
Date of publication, distribution, etc. 2008
Name of publisher, distributor, etc. Tata Mc-Graw Hill
300 ## - PHYSICAL DESCRIPTION
Extent 471
365 ## - TRADE PRICE
Currency code Rs.
Price amount 450.00
700 ## - ADDED ENTRY--PERSONAL NAME
Personal name UdaiA.D.
9 (RLIN) 169896
710 ## - ADDED ENTRY--CORPORATE NAME
Corporate name or jurisdiction name as entry element Sinha A.N. & Udai A.D.
9 (RLIN) 169897
906 ## - LOCAL DATA ELEMENT F, LDF (RLIN)
b 450

No items available.